Etica : un curso universitario /

Gorde:
Xehetasun bibliografikoak
Egile nagusia: Rivero Weber, Paulina (autor)
Formatua: Liburua
Hizkuntza:gaztelania
Argitaratua: México : UNAM, 2015, c2015
Saila:(Heterodoxos)
Gaiak:
Etiketak: Etiketa erantsi
Etiketarik gabe, Izan zaitez lehena erregistro honi etiketa jartzen!

MARC

LEADER 00000nam^a2200000^a^4500
001 000399354
005 20250521000000.0
009 20260310121550.481
020 |a 978-607-02-6878-6 
037 |a Acervo ITESO - Biblioteca 
041 |a ESP 
082 |a 170.  |b RIV 
100 |a Rivero Weber, Paulina  |e (autor) 
245 1 0 |a Etica :  |b un curso universitario /  |c P. Rivero Weber. 
264 4 |a México :  |b UNAM,  |c 2015, c2015 
300 |a 223 p. 
336 |a texto  |b txt  |2 rdacontenido 
337 |a sin mediación  |b n  |2 rdamedio 
338 |a volumen  |b nc  |2 rdasoporte 
440 1 |a (Heterodoxos) 
521 |a FIL 2017 EEnlace Departamento de Formación Humana 
521 |a FIL 2017 EEnlace Centro de Promoción Cultural 
649 |a XX 
650 |a Educación Superior 
650 |a Etica -  |x Tema Principal 
650 |a Filosofía Clásica -  |x Historia y Crítica 
650 |a Filosofía 
650 |a Sócrates 
650 |a Platón 
650 |a Aristóteles 
650 |a Spinoza, Baruch de 
650 |a Kant, Immanuel 
650 |a Nietzsche, Friedrich 
650 |a Heidegger, Martin 
910 |a Fondo General 
920 |a Impresos - Libros 
930 |a Colección General 
905 |a 101 
901 |a 0500294622  |b IT1  |c ACC  |i c158039  |u 20250521 
901 |a 0500294465  |b IT1  |c ACC  |u 20250521 
902 |a https://opac.biblio.iteso.mx/vufind/Record/000399354